Régimen de contrato de trabajo /

Guardado en:
Otros Autores: Parada, Ricardo A., (comp.), Errecaborde, José Daniel, (comp.)
Formato: Libro
Idioma:Spanish
Publicado: Ciudad Autónoma de Buenos Aires : Erreius, 2022.
Edición:1a. ed.
Materias:
Etiquetas: Agregar Etiqueta
Sin Etiquetas, Sea el primero en etiquetar este registro!
LEADER 00769nam a22001935a 4500
001 DER.der014706
008 220505s2022####ag############000#0#spa#d
005 20241004114207.0
245 1 0 |a Régimen de contrato de trabajo /  |c Argentina. 
250 |a 1a. ed. 
260 |a Ciudad Autónoma de Buenos Aires :  |b Erreius,  |c 2022. 
300 |a 200 p. 
505 0 |a Ley 20.744 con las modificaciones de las leyes 25.013, 25.877, 27.0073, 27.320, 27.321, 27.322, 27.325 y 27.426. Ley Nacional de Empleo (L. 24.013). Jornada de Trabajo. Teletrabajo (L. 27.555) 
020 |a 9789877932546 
240 1 0 |a Argentina - Leyes 
700 1 |a Parada, Ricardo A.,  |e comp. 
700 1 |a Errecaborde, José Daniel,  |e comp. 
650 7 |a DERECHO LABORAL 
859 |a DERECHO  |b BIB. DERECHO  |h 344.01  |i ARG  |p 0010032